| 000 | 00795cam a22002655a 4500 | ||
|---|---|---|---|
| 001 | 15189176 | ||
| 005 | 20151208135647.0 | ||
| 006 | a||||f ||z 00| 0 | ||
| 008 | 080221s2013 ii a fr 001 0 eng d | ||
| 020 | _a0198083963 | ||
| 020 | _a9780198083962 | ||
| 040 |
_aDLC _cDLC _dEG-ScBUE _beng |
||
| 082 | 0 | 4 |
_222 _a005.133 _bTRI |
| 100 | 1 |
_aTrivedi, Bhushan. _938875 |
|
| 245 | 1 | 0 |
_aProgramming with ANSI C++ / _cBhushan Trivedi. |
| 250 | _32nd ed. | ||
| 260 |
_aNew Delhi : _bOxford University Press, _c2013. |
||
| 300 |
_axix, 623 p. : _bill. ; _c24 cm. + _e1 (CD/ROM) |
||
| 490 | 0 | _aOxford higher education | |
| 500 | _aIndex : p. 617-623. | ||
| 650 | 0 |
_aC++ (Computer program language) _2BUEsh _93406 |
|
| 651 | _2BUEsh | ||
| 653 |
_bCOMSCI _cAugust2015 _cDecember2015 |
||
| 942 | _2ddc | ||
| 999 |
_c20526 _d20498 |
||